| 000 -LEADER |
| fixed length control field |
00518cam a22001577a 4500 |
| 008 - FIXED-LENGTH DATA ELEMENTS--GENERAL INFORMATION |
| fixed length control field |
180718b1993 xxu||||| |||| 00| 0 eng d |
| 082 ## - DEWEY DECIMAL CLASSIFICATION NUMBER |
| Classification number |
APPPA 1992-93 AND |
| 100 ## - MAIN ENTRY--PERSONAL NAME |
| Personal name |
Andrews, Nirmal N. |
| 245 ## - TITLE STATEMENT |
| Title |
Indian federal polity: a critical analysis of the vision of founding fathers |
| Statement of responsibility, etc. |
by Nirmal N. Andrews |
| 260 ## - PUBLICATION, DISTRIBUTION, ETC. |
| Place of publication, distribution, etc. |
New Delhi |
| Name of publisher, distributor, etc. |
Indian Institute of Public Administration |
| Date of publication, distribution, etc. |
1993 |
| 300 ## - PHYSICAL DESCRIPTION |
| Extent |
92p. |
| 500 ## - GENERAL NOTE |
| General note |
APPPA Thesis 1992-93 |
| 650 ## - SUBJECT ADDED ENTRY--TOPICAL TERM |
| Topical term or geographic name entry element |
APPPA |
| 650 ## - SUBJECT ADDED ENTRY--TOPICAL TERM |
| Topical term or geographic name entry element |
Federalism |
| 650 ## - SUBJECT ADDED ENTRY--TOPICAL TERM |
| Topical term or geographic name entry element |
Constitutional Law - India |